[Event "Campeonato de Aragon por Equipos 2009"]
[Site "Aragon"]
[Date "2009.03.28"]
[Round "9.58"]
[White "Alonso Blasco Jose Miguel"]
[Black "Jaques Burguete Raul"]
[Result "1-0"]
[WhiteElo "2100"]
[BlackElo "2098"]

1.e4 Nc6 2.Nf3 d5 3.exd5 Qxd5 4.Nc3 Qa5 5.Bb5 Bd7 6.Qe2 e6 7.O-O Bd6 8.d4 a6
9.Bxc6 Bxc6 10.Ne5 Bxe5 11.dxe5 Ne7 12.f4 h5 13.Be3 Nf5 14.a3 Nxe3 15.Qxe3
O-O-O 16.b4 Qb6 17.Qxb6 cxb6 18.Rad1 Rxd1 19.Rxd1 Rd8 20.Rxd8+ Kxd8 21.Kf2 Ke7
22.Nd1 f6 23.Ne3 g5 24.Kg3 b5 25.c3 Kf7 26.fxg5 fxg5 27.h4 Kg6 28.Kh3 Be4 29.
g3 g4+ 30.Kh2 Bf3 31.Kg1 Bc6 32.Kf2 Bf3 33.Ke1 Bc6 34.Kd2 Be4 35.Ke2 Bb1 36.c4
bxc4 37.Nxc4 Kf5 38.Nd6+ Kxe5 39.Nxb7 Kd5 40.Ke3 e5 41.Nc5 a5 42.Nd3 axb4 43.
Nxb4+ Kc4 44.Nc6 Kd5 45.Ne7+ Ke6 46.Nc8 Kd7 47.Na7 Bg6 48.a4 Kc7 49.Nb5+ Kb6
50.Na3 Kc5 51.Nb5 Kb4 52.Nd6 Kxa4 53.Nc4 e4 54.Nb6+ Kb5 55.Nd5 Kc5 56.Nf4 Bf5
57.Nxh5 Kd5 58.Kf4 Bc8 59.Nf6+ Ke6 60.Nxe4 Kf7 61.Kg5 Kg7 62.Nf6 Ba6 63.Nxg4
Bd3 64.Ne3 Bb1 65.Nf5+ Kh7 66.g4 Bd3 67.Kf6 Be2 68.g5 Bh5 69.Nh6 Be8 70.Nf7
Ba4 71.Ne5 Bd1 72.Nf7 Bh5 73.Ne5 Bd1 74.Ng6 Bc2 75.Nf4 Bb3 76.h5 Bd1 77.Kf7
Bb3+ 78.Kf8 Bc4 79.Ng2 Be2 80.g6+ Kh6 81.g7 Bc4 82.Nf4 Kh7 83.Ng6 Bb3 84.Ne5
1-0

[Event "Campeonato de Aragon por Equipos 2009"]
[Site "Aragon"]
[Date "2009.03.28"]
[Round "9.59"]
[White "Alvarez Gonzalo Miguel Angel"]
[Black "Querol Soro Sergio"]
[Result "1-0"]
[WhiteElo "1917"]
[BlackElo "1959"]

1.c4 Nf6 2.g3 g6 3.Bg2 Bg7 4.Nc3 c6 5.e4 d6 6.d4 O-O 7.Nge2 e5 8.O-O Nbd7 9.h3
h6 10.Be3 Kh7 11.f4 Nh5 12.g4 exf4 13.Nxf4 Nxf4 14.Rxf4 Qe7 15.Qd2 Nf6 16.Raf1
g5 17.R4f2 Ng8 18.e5 dxe5 19.Be4+ f5 20.gxf5 Nf6 21.Qd3 Bd7 22.d5 Rad8 23.Bxa7
Kh8 24.Bb6 Ra8 25.a3 Ra6 26.c5 Nh5 27.Ne2 Nf4 28.Nxf4 exf4 29.dxc6 Bxc6 30.
Bxc6 Rxb6 31.cxb6 bxc6 32.a4 Rd8 33.Qc4 Bd4 34.Qxc6 Qe3 35.Qxh6+ Kg8 36.Qxg5+
Kh8 37.Qxd8+ 1-0

[Event "Campeonato de Aragon por Equipos 2009"]
[Site "Aragon"]
[Date "2009.03.28"]
[Round "9.61"]
[White "Garcia Lopez Alberto J"]
[Black "Fernandez Rubio Rafael"]
[Result "1/2-1/2"]
[WhiteElo "1971"]
[BlackElo "2025"]

1.Nf3 Nf6 2.g3 g6 3.Bg2 Bg7 4.O-O O-O 5.d4 d5 6.Nbd2 c6 7.c4 Ne4 8.Nxe4 dxe4
9.Ng5 f5 10.d5 h6 11.Ne6 Bxe6 12.dxe6 Qc8 13.Qb3 Na6 14.Be3 Nc7 15.Bc5 Bf6 16.
g4 Nxe6 17.Ba3 Nf4 18.gxf5 Qxf5 19.Qe3 Nxg2 20.Kxg2 Kh7 21.f3 exf3+ 22.Rxf3
Qg5+ 23.Qxg5 Bxg5 24.Rd1 Rad8 25.Rxd8 Rxd8 26.Bxe7 Bxe7 27.Rf7+ Kg8 28.Rxe7 b6
29.Rxa7 Rd2 30.b3 Rxe2+ 31.Kg3 b5 32.cxb5 cxb5 33.h4 b4 34.Kf3 Rd2 35.Ra4 Rd3+
36.Ke2 Rd4 37.a3 Rxh4 38.axb4 Rd4 39.b5 Rd8 40.b6 Rb8 41.Rb4 Kf7 42.b7 Ke7 43.
Rb6 Kd7 1/2-1/2

[Event "Campeonato de Aragon por Equipos 2009"]
[Site "Aragon"]
[Date "2009.03.28"]
[Round "9.62"]
[White "Vera Jimenez Andres"]
[Black "Lucea Valero Alejandro"]
[Result "1/2-1/2"]
[WhiteElo "2014"]
[BlackElo "1968"]

1.d4 d5 2.Nf3 Nf6 3.c4 c6 4.Nc3 e6 5.Bg5 Be7 6.e3 Nbd7 7.Rc1 O-O 8.Bd3 h6 9.
Bxf6 Bxf6 10.cxd5 exd5 11.O-O Nb6 12.Nd2 Be6 13.f4 Re8 14.Qf3 Be7 15.Kh1 f5
16.Qh5 Bd6 17.Rce1 Qf6 18.Nf3 Kh7 19.Ng5+ Kg8 20.Nxe6 g6 21.Qxh6 Rxe6 22.Rf3
Kf7 23.Qh7+ Qg7 24.Qxg7+ Kxg7 25.h3 Bb4 26.g4 fxg4 27.hxg4 Rae8 28.Re2 Bxc3
29.bxc3 R6e7 30.f5 gxf5 31.gxf5 Rh8+ 32.Kg1 Kf6 33.Rg2 Reh7 34.Rfg3 Rh6 35.Rg7
R8h7 36.R7g6+ Kf7 1/2-1/2

[Event "Campeonato de Aragon por Equipos 2009"]
[Site "Aragon"]
[Date "2009.03.28"]
[Round "9.63"]
[White "Minguez Guinda Andres"]
[Black "Sierra Aguerri Joaquin"]
[Result "0-1"]
[WhiteElo "1942"]
[BlackElo "1990"]

1.e4 d5 2.exd5 Qxd5 3.Nc3 Qa5 4.d4 Nf6 5.Nf3 Bg4 6.h3 Bh5 7.g4 Bg6 8.Ne5 Nbd7
9.Nc4 Qa6 10.d5 e6 11.Bf4 b5 12.Nxb5 Qxb5 13.Nd6+ Bxd6 14.Bxb5 Bxf4 15.dxe6
fxe6 16.Bxd7+ Nxd7 17.Qf3 O-O 18.Qc6 Ne5 19.Qa4 Be8 20.Qa6 Bc6 21.Rf1 Nf3+ 0-1

[Event "Campeonato de Aragon por Equipos 2009"]
[Site "Aragon"]
[Date "2009.03.28"]
[Round "9.64"]
[White "Sancho Casale Jesus"]
[Black "Buil Montanes Carlos"]
[Result "1/2-1/2"]
[WhiteElo "1901"]
[BlackElo "1898"]

1.e4 c5 2.Nf3 e6 3.d3 Nc6 4.g3 g6 5.Bg2 Bg7 6.O-O Nge7 7.c3 O-O 8.Be3 d6 9.Qd2
e5 10.Bh6 d5 11.Bxg7 Kxg7 12.exd5 Nxd5 13.Na3 f6 14.Nc4 Be6 15.Rfd1 Nb6 16.Ne3
Qc7 17.h4 Rad8 18.Qe2 Rfe8 19.h5 Nd5 20.Nxd5 Bxd5 21.hxg6 hxg6 22.Nh4 Bxg2 23.
Kxg2 Ne7 24.Nf3 Nc6 25.Rh1 Qd7 26.Rad1 Rh8 27.Rxh8 Rxh8 28.Rh1 Rxh1 29.Kxh1
Qd5 30.b3 Nd8 31.Qe4 Qxe4 32.dxe4 Ne6 33.Kg2 Nc7 34.Kf1 Nb5 35.a4 Nxc3 36.Nd2
Kf7 37.f3 Ke6 38.Kf2 b5 39.axb5 Nxb5 40.Ke3 Nd4 41.Kd3 Kd6 42.Kc4 g5 43.g4 Kc6
44.Kd3 Kb5 45.Kc3 a6 46.Nc4 Nxf3 47.Nd6+ Kc6 48.Ne8 Nd4 49.Nxf6 Nb5+ 50.Kd3
Nd6 51.Nh7 Nf7 52.Kc4 a5 53.Nf6 Nd6+ 54.Kd3 Kb5 55.Kc3 Nf7 56.Nd7 Kc6 57.Nf6
Nd6 58.Kd3 Kb5 59.Kc3 1/2-1/2

[Event "Campeonato de Aragon por Equipos 2009"]
[Site "Aragon"]
[Date "2009.04.18"]
[Round "10.1"]
[White "Garza Marco Sergio"]
[Black "Cuenca Jimenez Jose Francisco"]
[Result "0-1"]
[WhiteElo "2386"]
[BlackElo "2427"]

1.d4 Nf6 2.c4 g6 3.Nc3 Bg7 4.e4 d6 5.Be2 O-O 6.Bg5 Na6 7.Qd2 e5 8.d5 c6 9.f3
h6 10.Be3 cxd5 11.cxd5 h5 12.O-O-O Bd7 13.Kb1 Qe8 14.Rc1 Nc5 15.Nd1 Qb8 16.Nf2
a5 17.h3 b5 18.g4 b4 19.Bc4 Rc8 20.Ne2 Bb5 21.Bxc5 Rxc5 22.Bxb5 Qxb5 23.Nd3
Bh6 $6 24.Qd1 $2 (24.Rxc5 dxc5 25.Qc2 Re8 (25...Nd7 26.gxh5 gxh5 27.Ng3) 26.b3
(26.Nxc5 $4 Rc8)) 24...Bxc1 25.Nxc5 Bxb2 26.Na4 Ba3 27.Qc2 Qa6 28.Rd1 Rc8 29.
Qd3 Qxd3+ 30.Rxd3 hxg4 31.hxg4 Kg7 32.Nb6 Rc7 33.Rd2 Nd7 34.Nxd7 Rxd7 35.Rc2
Rd8 36.Rc6 Rh8 37.Kc2 Rh3 38.f4 exf4 39.Nxf4 Rg3 40.Nd3 Rxg4 41.e5 dxe5 42.
Nxe5 Rd4 43.Rc7 Rxd5 44.Nxf7 Kf6 45.Nh6 Ke5 46.Nf7+ Kf4 47.Rc4+ Ke3 48.Kb3 Kf3
49.Ka4 g5 50.Nh6 Bb2 51.Rc8 Bg7 0-1

[Event "Campeonato de Aragon por Equipos 2009"]
[Site "Aragon"]
[Date "2009.04.18"]
[Round "10.2"]
[White "Fontana Sotomayour Luis Javier"]
[Black "Llanes Luno Ricardo"]
[Result "1-0"]
[WhiteElo "2340"]
[BlackElo "2225"]

1.e4 e6 2.d3 d5 3.Nd2 Nf6 4.Ngf3 dxe4 5.dxe4 Bc5 6.Bd3 Nc6 7.O-O Ng4 8.h3 h5
9.Qe2 Qd6 10.Nc4 Qg3 11.c3 Nce5 12.Ncxe5 Nxe5 13.Nxe5 Qxe5 14.Kh1 Bd7 15.f4
Qf6 16.e5 Qh4 17.b4 Bb6 18.Be4 Bc6 19.Bxc6+ bxc6 20.Be3 Rd8 21.c4 Bxe3 22.Qxe3
O-O 23.Rad1 Rxd1 24.Rxd1 Rd8 25.Rf1 Qe7 26.a3 c5 27.bxc5 Qd7 28.Rb1 Qa4 29.Qb3
Qc6 30.Qe3 h4 31.Kh2 g6 32.Qf2 Qe4 33.Qxh4 Re8 34.Rb4 a5 35.Rb5 Ra8 36.Rb3
Qxc4 37.Rg3 Qxc5 38.Qf6 Rb8 39.Rd3 Qf8 40.Rd7 Qg7 41.Rxc7 Qxf6 42.exf6 g5 43.
fxg5 Rb3 44.h4 Rxa3 45.h5 Rd3 46.g6 fxg6 47.hxg6 Rd8 48.Rg7+ Kh8 49.Rh7+ 1-0

[Event "Campeonato de Aragon por Equipos 2009"]
[Site "Aragon"]
[Date "2009.04.18"]
[Round "10.3"]
[White "Lamas Mercadal Manuel"]
[Black "Antoli Royo Joaquin Miguel"]
[Result "0-1"]
[WhiteElo "2225"]
[BlackElo "2323"]

1.e4 Nf6 2.e5 Nd5 3.g3 d6 4.exd6 cxd6 5.Bg2 Nf6 6.d4 g6 7.Ne2 Bg7 8.O-O O-O 9.
c4 d5 10.cxd5 Nxd5 11.Nbc3 Nxc3 12.bxc3 Nc6 13.Bf4 Qa5 14.Qb3 Re8 15.Rfe1 e6
16.Rad1 Qa6 17.Nc1 Na5 18.Qa4 b5 19.Qc2 Bb7 20.Bxb7 Qxb7 21.Nd3 Rac8 22.Be5
Qc6 23.Bxg7 Kxg7 24.Nc5 Nb7 25.Nxb7 Qxb7 26.Re5 a6 27.Qd2 Qf3 28.Re3 Qc6 29.
Rc1 Red8 30.h4 h5 31.Re5 Qc4 32.Ree1 Rc6 33.Kh2 Rdc8 34.a3 Rd8 35.Qf4 Rd5 36.
Re3 Rf5 37.Qe4 Rxf2+ 38.Kg1 Rf5 39.Rf3 Qd5 40.Qxd5 Rxd5 41.Rcf1 Rd7 42.Kf2
Rdc7 43.Rc1 a5 44.Rb1 Rxc3 45.Rxb5 Rxf3+ 46.Kxf3 Rc3+ 47.Kg2 Rxa3 48.d5 exd5
49.Rxd5 a4 50.Ra5 Ra1 51.Ra6 a3 52.Ra4 Kf6 53.Ra7 Ke6 54.Ra8 Kd6 55.Ra7 a2 56.
Ra8 Kc6 57.Kh2 Kd5 58.Kg2 Ke4 59.Ra4+ Kf5 60.Ra8 f6 61.Ra7 Ke4 62.Re7+ Kd4 63.
Rd7+ Ke5 64.Ra7 Kf5 65.Ra8 g5 66.Ra5+ Kg6 67.hxg5 f5 68.Ra6+ Kxg5 69.Ra4 h4
70.gxh4+ Kh5 71.Ra8 Kxh4 72.Ra7 f4 73.Ra8 Kg5 74.Ra7 f3+ 0-1

[Event "Campeonato de Aragon por Equipos 2009"]
[Site "Aragon"]
[Date "2009.04.18"]
[Round "10.4"]
[White "Cortes Lizano Jesus"]
[Black "Roche Simon Miguel Angel"]
[Result "1-0"]
[WhiteElo "2254"]
[BlackElo "2062"]

1.c4 e5 2.Nc3 Nc6 3.Nf3 g6 4.d3 d6 5.g3 Bg7 6.Bg2 h6 7.O-O f5 8.Rb1 a5 9.a3
Nf6 10.b4 axb4 11.axb4 O-O 12.b5 Ne7 13.c5 Be6 14.b6 c6 15.Na4 e4 16.dxe4 Nxe4
17.cxd6 Nd5 18.Bb2 Qxd6 19.Bxg7 Kxg7 20.Qd4+ Kh7 21.Rfc1 Ra6 22.Nh4 Rfa8 23.
Nc3 Ndxc3 24.Qxd6 Nxe2+ 25.Kf1 Nxd6 26.Kxe2 Bc4+ 27.Kd1 g5 $2 (27...Ra2) 28.
Nxf5 Rd8 $6 (28...Bd3) (28...Ba2) 29.Ne3 Bb5 30.Ke1 $1 Rxb6 31.Rd1 Ra6 32.Rd2
Raa8 33.h4 $6 gxh4 34.gxh4 Nf7 35.Be4+ Kg7 36.Rxd8 Rxd8 37.f3 Ne5 38.Kf2 Kf6
39.f4 Nd3+ 40.Kf3 Nc5 41.Ng4+ Kg7 42.Ne5 Nxe4 $6 43.Kxe4 Re8 44.Rg1+ Kh7 45.f5
Bc4 46.Kf4 Bd5 47.f6 Rg8 48.Rb1 b5 49.Ra1 h5 50.Kf5 b4 $2 (50...Rg2 $1) 51.
Ra7+ Kh6 52.f7 Rb8 53.Rb7 Rf8 54.Kf6 b3 55.Rb4 (55.Re7 b2 56.Rb7) 55...Ra8 56.
Rb6 c5 57.Ke7+ (57.f8=Q+ Rxf8+ 58.Ke7+ Kg7 59.Rg6+ Kh7 60.Kxf8 c4) 57...Kg7
58.Rg6+ Kh7 59.f8=Q Rxf8 60.Kxf8 c4 61.Rg7+ Kh6 62.Rg6+ Kh7 63.Rg5 Kh6 64.Ng6
b2 65.Nf4 Bf3 66.Rg6+ Kh7 67.Rb6 c3 68.Nh3 1-0

[Event "Campeonato de Aragon por Equipos 2009"]
[Site "Aragon"]
[Date "2009.04.18"]
[Round "10.5"]
[White "Baron Rodriguez Jesus"]
[Black "Ramiro Ovejero Juan Luis"]
[Result "1-0"]
[WhiteElo "2422"]
[BlackElo "2345"]

1.e4 c5 2.Nc3 e6 3.f4 Nc6 4.Nf3 d5 5.Bb5 Nf6 6.Qe2 Be7 7.O-O O-O 8.Bxc6 bxc6
9.d3 Rb8 10.b3 c4 11.e5 Nd7 12.dxc4 Ba6 13.Be3 Qc7 14.Rfd1 Nb6 15.Qf2 dxc4 16.
Ne4 Nd5 17.Bc5 Nxf4 18.Bd6 Bxd6 19.exd6 Qb6 20.Nc5 Rbd8 21.Ne5 Ne2+ 22.Kh1 f6
23.Ng4 h5 24.Nxe6 hxg4 25.Qxe2 Rfe8 26.Qxg4 Rd7 27.bxc4 c5 28.Rab1 Qc6 29.Rb3
Bc8 30.Rh3 Rb7 31.d7 1-0

[Event "Campeonato de Aragon por Equipos 2009"]
[Site "Aragon"]
[Date "2009.04.18"]
[Round "10.6"]
[White "Alonso Fernandez Revuelta Rodri"]
[Black "Forcen Esteban Daniel"]
[Result "0-1"]
[WhiteElo "2129"]
[BlackElo "2169"]

1.e4 c5 2.Nf3 Nc6 3.d4 cxd4 4.Nxd4 e5 5.Nb5 a6 6.Nd6+ Bxd6 7.Qxd6 Qf6 8.Qxf6
Nxf6 9.f3 d5 10.exd5 Nxd5 11.c3 Be6 12.Na3 O-O 13.Bc4 b5 14.Bxd5 Bxd5 15.Nc2
Bc4 16.Be3 Rad8 17.b3 Bd3 18.O-O-O e4 19.Ne1 Be2 20.Rxd8 Rxd8 21.fxe4 Rd1+ 22.
Kc2 Ne5 23.Rg1 Ng4 24.Bd4 Nxh2 25.Nd3 Rxd3 26.Re1 Bf1 27.Bg1 Rg3 0-1

[Event "Campeonato de Aragon por Equipos 2009"]
[Site "Aragon"]
[Date "2009.04.18"]
[Round "10.7"]
[White "Antolin Concha Diego"]
[Black "Galvez Perez Jose Luis"]
[Result "1-0"]
[WhiteElo "2122"]
[BlackElo "2072"]

1.c4 d6 2.Nc3 e5 3.g3 Nc6 4.Bg2 f5 5.d3 Nf6 6.e3 g6 7.Nge2 Bg7 8.O-O O-O 9.b3
h6 10.d4 Qe8 11.Nd5 Qf7 12.Bb2 e4 13.Nec3 Nxd5 14.Nxd5 Nd8 15.Nc3 Re8 16.Qd2
c6 17.f3 exf3 18.Bxf3 Ne6 19.d5 Ng5 20.dxc6 Nxf3+ 21.Rxf3 bxc6 22.e4 Qe7 23.
Re1 Bb7 24.Rfe3 Be5 25.exf5 gxf5 26.c5 Qg7 27.Kh1 Rad8 28.Na4 Kf8 29.cxd6 c5+
30.Kg1 Bd4 31.Bxd4 Qxd4 32.Qxd4 cxd4 33.Rxe8+ Rxe8 34.Rd1 Re5 35.Rxd4 Ke8 36.
Rh4 Bc6 37.Rxh6 Bxa4 38.bxa4 Ra5 39.Rh4 Kd7 40.Rd4 Rc5 41.Rd2 Rc4 42.Kf2 Rxa4
43.Kf3 a5 44.h3 Rb4 45.g4 fxg4+ 46.hxg4 a4 47.g5 a3 48.g6 Rb2 49.Rg2 Rb8 50.g7
Rg8 51.Rg6 1-0

[Event "Campeonato de Aragon por Equipos 2009"]
[Site "Aragon"]
[Date "2009.04.18"]
[Round "10.8"]
[White "Carraminana Lopez Luis Antonio"]
[Black "Castillo Sanjuan Alejandro"]
[Result "1/2-1/2"]
[WhiteElo "1961"]
[BlackElo "1999"]

1.e4 c5 2.Nf3 d6 3.Bb5+ Bd7 4.Bxd7+ Qxd7 5.c4 Nf6 6.Nc3 Nc6 7.d4 cxd4 8.Nxd4
e6 9.Be3 Be7 10.O-O O-O 11.f3 a6 12.a4 Qc7 13.b3 Rfd8 14.Rc1 d5 15.Nxc6 bxc6
16.cxd5 c5 17.Qd3 exd5 18.Nxd5 Nxd5 19.exd5 Qe5 20.Rfd1 Rac8 21.Qe4 Qf6 22.Bf4
Bf8 23.Be5 Qb6 24.Qc4 Rd7 25.Re1 h6 26.Bg3 Rb7 27.Re3 Qa7 28.Bf2 Bd6 29.Rce1
Qb8 30.h3 Qa8 31.Rd1 Rb4 32.Qc2 Qb7 33.Be1 Rd4 34.Red3 Rxd3 35.Rxd3 Qe7 36.Bf2
Qe5 37.Re3 Qxd5 38.Qd3 1/2-1/2

[Event "Campeonato de Aragon por Equipos 2009"]
[Site "Aragon"]
[Date "2009.04.18"]
[Round "10.9"]
[White "Chueca Forcen Alberto"]
[Black "Llorente Zaro Alfonso"]
[Result "1/2-1/2"]
[WhiteElo "2278"]
[BlackElo "2403"]

1.d4 Nf6 2.Bg5 e6 3.e4 h6 4.Bxf6 Qxf6 5.Nc3 Bb4 6.Qd2 c5 7.e5 Qd8 8.dxc5 Qa5
9.Nge2 Bxc5 10.O-O-O Bxf2 11.Nf4 Bb6 12.Bb5 a6 13.Ba4 Bc7 14.Rhe1 Bxe5 15.Rxe5
Qxe5 16.Re1 Qa5 17.Qd6 Kd8 18.Nfd5 Nc6 19.b4 Qxd5 20.Nxd5 exd5 21.Bxc6 bxc6
22.Re7 a5 23.b5 cxb5 24.Rxf7 Ra6 25.Qxd5 b4 26.Rxg7 Re8 27.Rg8 Rxg8 28.Qxg8+
Kc7 29.g4 Rc6 30.Qd5 Kb6 31.h4 Ba6 32.Qxd7 Bc4 33.Kb1 a4 34.Qd8+ Kb5 35.Qb8+
Kc5 36.Qe5+ Bd5 37.Qe7+ Kb5 38.Qe2+ Rc4 39.g5 hxg5 40.hxg5 Be4 41.Kb2 Kc5 42.
Qf2+ Kb5 43.Qd2 a3+ 44.Kc1 Kc6 45.Qf2 Kd5 46.Qf7+ Kd4 47.Qf2+ Kd5 48.Qf7+ Kd4
49.Qd7+ Ke5 50.Qb5+ Kd4 51.Qd7+ Ke5 52.Qe7+ Kd5 53.Qf7+ 1/2-1/2

[Event "Campeonato de Aragon por Equipos 2009"]
[Site "Aragon"]
[Date "2009.04.18"]
[Round "10.10"]
[White "Ramon Perez Jose Luis"]
[Black "Melendez Fierro Juan Bautista"]
[Result "1-0"]
[WhiteElo "2315"]
[BlackElo "2249"]

1.e4 e6 2.d4 d5 3.Nc3 Nf6 4.e5 Nfd7 5.Nf3 c5 6.dxc5 Nc6 7.Bf4 Bxc5 8.Bd3 a6 9.
O-O Be7 10.Bg3 g5 11.h3 Nc5 12.Re1 Nxd3 13.Qxd3 Bd7 14.a3 Qc7 15.Nxd5 exd5 16.
e6 Qd8 17.exd7+ Qxd7 18.Ne5 Nxe5 19.Rxe5 O-O 20.Rae1 Rfe8 21.Rxd5 Qc6 22.c4 h6
23.b4 Bf8 24.Rd1 Rac8 25.c5 Re6 26.Rd7 b6 27.Qxa6 bxc5 28.Qxc6 Rcxc6 29.b5 Rc8
30.Bc7 c4 31.b6 Rce8 32.b7 c3 33.Kh2 Bxa3 34.Bd8 c2 35.b8=Q cxd1=Q 36.Rxd1 Be7
37.Qc7 Rxd8 38.Rxd8+ Bxd8 39.Qxd8+ Kg7 40.Kg3 Rg6 41.Kg4 Re6 42.g3 Rg6 43.Kf5
Re6 44.Qd4+ Kg8 45.Kg4 Rg6 46.Kh5 Re6 47.f4 gxf4 48.gxf4 Kh7 49.f5 Ra6 50.Qe5
Rb6 51.f6 Re6 52.Qf5+ Kg8 53.Kxh6 1-0

[Event "Campeonato de Aragon por Equipos 2009"]
[Site "Aragon"]
[Date "2009.04.18"]
[Round "10.11"]
[White "Hernando Garcia Antonio"]
[Black "Remiro Juste Fernando Jose"]
[Result "0-1"]
[WhiteElo "2202"]
[BlackElo "2314"]

1.c4 c5 2.Nf3 g6 3.g3 Bg7 4.Bg2 Nc6 5.Nc3 e6 6.e3 Nge7 7.d4 cxd4 8.Nxd4 Nxd4
9.exd4 Nf5 10.d5 e5 11.O-O O-O 12.c5 b6 13.d6 Rb8 14.Qa4 a6 15.b4 e4 16.Bd2 e3
17.fxe3 bxc5 18.bxc5 Rb2 19.Ne4 Bb7 20.Rad1 Qa8 21.Bf3 h6 22.Rb1 Bc6 23.Qc4
Rfb8 24.Rxb2 Rxb2 25.Bc1 Rb8 26.Nd2 Nxe3 27.Bxc6 Qxc6 28.Qxf7+ Kh8 29.Rf3 Ng4
30.Qxg6 Ne5 31.Qh5 Qxc5+ 32.Kg2 Qxc1 33.Rf2 Qc6+ 34.Kh3 Qxd6 35.Nb3 Qe6+ 36.
Kg2 Rc8 37.Re2 Rf8 38.Re4 0-1

[Event "Campeonato de Aragon por Equipos 2009"]
[Site "Aragon"]
[Date "2009.04.18"]
[Round "10.12"]
[White "Valiente Gimenez Jose Luis"]
[Black "Palacios Latasa Elias"]
[Result "0-1"]
[WhiteElo "2117"]
[BlackElo "2192"]

1.d4 Nf6 2.c4 g6 3.Nc3 d5 4.Nf3 Bg7 5.e3 O-O 6.Bd2 c5 7.dxc5 Na6 8.cxd5 Nxc5
9.Bc4 Bf5 10.O-O Rc8 11.Qe2 Nfe4 12.Rfd1 Nd6 13.Be1 Nxc4 14.Qxc4 Bc2 15.Qe2
Bxd1 16.Rxd1 Qd7 17.Nd4 Na4 18.e4 Nxc3 19.Bxc3 Qa4 20.a3 Rfd8 21.Nb5 a6 22.
Bxg7 Kxg7 23.Nc3 Qc4 24.Qe3 b5 25.Rd4 Qc5 26.e5 a5 27.Qf4 b4 28.axb4 axb4 29.
e6 f6 30.Rxb4 Rxd5 31.g4 g5 32.Qe4 Re5 33.Qb7 Rxe6 34.Nd5 Qc6 35.Ne3 Rxe3 36.
fxe3 Qc1+ 37.Kf2 Rc2+ 38.Kf3 Qh1+ 39.Kg3 Qg1+ 0-1

[Event "Campeonato de Aragon por Equipos 2009"]
[Site "Aragon"]
[Date "2009.04.18"]
[Round "10.13"]
[White "Adla Diego"]
[Black "Salamero Pelay Fernando"]
[Result "1-0"]
[WhiteElo "2508"]
[BlackElo "2167"]

1.e4 c5 2.Nf3 g6 3.d4 Bg7 4.dxc5 Qa5+ 5.c3 Qxc5 6.Na3 a6 7.Nc4 Qc7 8.Be3 Nc6
9.Nb6 Qb8 10.Bc4 d6 11.Qb3 Nd8 12.Nxa8 Qxa8 13.Bb6 Be6 14.Bxe6 Nxe6 15.Qa4+
Kf8 16.O-O Nf6 17.e5 Qe8 18.Qa5 Nd7 19.exd6 exd6 20.Qd5 Qb8 21.Bd4 Ne5 22.Bxe5
dxe5 23.Rfe1 1-0

[Event "Campeonato de Aragon por Equipos 2009"]
[Site "Aragon"]
[Date "2009.04.18"]
[Round "10.14"]
[White "Gella Lopez Angel"]
[Black "Glavina Rossi Pablo"]
[Result "0-1"]
[WhiteElo "2065"]
[BlackElo "2465"]

1.d4 g6 2.Nf3 Bg7 3.e4 c6 4.Nc3 d5 5.e5 Nh6 6.Bd3 f6 7.exf6 exf6 8.O-O O-O 9.
h3 Nf7 10.Ne2 Re8 11.c4 dxc4 12.Bxc4 Be6 13.Bxe6 Rxe6 14.Nf4 Re7 15.Qb3 Qb6
16.Qa3 Bf8 17.Qc3 Nd7 18.Be3 Rae8 19.Rfe1 Re4 20.a3 Qb5 21.Rad1 Nb6 22.Nd2
R4e7 23.b4 Nd5 24.Nxd5 Qxd5 25.Qc4 Nd6 26.Qxd5+ cxd5 27.Rc1 Nf5 28.Nf3 Nxe3
29.fxe3 Bh6 30.Rc5 Bxe3+ 31.Kf1 Kf7 32.Rxd5 Bf4 33.Rxe7+ Rxe7 34.Kf2 b6 35.g3
Bc7 0-1

[Event "Campeonato de Aragon por Equipos 2009"]
[Site "Aragon"]
[Date "2009.04.18"]
[Round "10.15"]
[White "Moreno Gracia Daniel"]
[Black "Gella Bitrian Diego"]
[Result "1-0"]
[WhiteElo "2212"]
[BlackElo "1864"]

1.c4 e6 2.Nf3 d5 3.d4 c6 4.e3 Nf6 5.b3 Nbd7 6.Bb2 Bd6 7.Bd3 O-O 8.Nbd2 Re8 9.
Ne5 Nf8 10.f4 N6d7 11.Qh5 Qe7 12.O-O g6 13.Qf3 f6 14.Nxd7 Nxd7 15.e4 Qf7 16.
Rae1 Kf8 17.Qh3 f5 18.exf5 exf5 19.Nf3 Nf6 20.Ng5 Qg7 21.Rxe8+ Kxe8 22.Re1+
Kf8 23.Qh4 Kg8 24.cxd5 cxd5 25.Nxh7 Nxh7 26.Qd8+ Bf8 27.Qxd5+ Qf7 28.Qf3 Kh8
29.Bc4 Qd7 30.Qg3 Qg7 31.Re2 Bd7 32.d5 Nf6 33.Qh4+ Kg8 34.d6+ 1-0

[Event "Campeonato de Aragon por Equipos 2009"]
[Site "Aragon"]
[Date "2009.04.18"]
[Round "10.16"]
[White "Bellosta Lopez Pablo"]
[Black "Quintin Navarro Alberto"]
[Result "1-0"]
[WhiteElo "1835"]
[BlackElo "2098"]

1.e4 c5 2.Nf3 e6 3.d4 cxd4 4.Nxd4 Nc6 5.Nxc6 bxc6 6.c4 Qc7 7.Nc3 Nf6 8.Bd3 Bd6
9.Ne2 h5 10.a3 a5 11.f4 Bc5 12.Nc3 Ng4 13.Qf3 Ba6 14.e5 Nf2 15.Ne4 Nxe4 16.
Qxe4 g6 17.Bd2 Qb6 18.Bc3 Qb3 19.Ke2 O-O 20.g4 hxg4 21.h4 Rae8 22.h5 1-0

[Event "Campeonato de Aragon por Equipos 2009"]
[Site "Aragon"]
[Date "2009.04.19"]
[Round "11.1"]
[White "Cuenca Jimenez Jose Francisco"]
[Black "Baron Rodriguez Jesus"]
[Result "1/2-1/2"]
[WhiteElo "2427"]
[BlackElo "2422"]

1.Nf3 d5 2.d4 Nf6 3.c4 e6 4.Nc3 Nbd7 5.Bg5 Bb4 6.cxd5 exd5 7.Qc2 c5 8.a3 Bxc3+
9.Qxc3 h6 10.Bxf6 Qxf6 11.e3 O-O 12.Be2 c4 13.Ne5 Re8 14.Nxd7 Bxd7 15.O-O b5
16.Bf3 Qd6 17.Qb4 Re6 18.b3 Bc6 19.bxc4 bxc4 20.Rfb1 g6 21.Qxd6 Rxd6 22.Rb4
Kf8 23.Kf1 h5 24.h4 Ke7 25.Ke1 Kd7 26.Kd2 Rf6 27.Kc3 Kc7 28.Rab1 Rd8 29.a4
Rfd6 30.a5 Re6 31.R1b2 Kd6 32.Bd1 Re4 33.g3 Ree8 34.Bc2 Rg8 35.Rb1 Rh8 36.Rg1
Rc8 37.Re1 Rb8 38.Reb1 Rxb4 39.Rxb4 Re8 40.Rb1 Kc7 41.Rg1 Kd6 42.g4 hxg4 43.
Rxg4 Rh8 44.Rf4 f5 45.Bd1 Bd7 46.Bc2 Be6 47.Kd2 Bd7 48.f3 Bc6 49.e4 dxe4 50.
fxe4 Bxe4 51.Bxe4 fxe4 52.Rxe4 Kd5 53.Rg4 Rf8 54.Rxg6 Rf4 55.h5 Kxd4 56.Rd6+
Kc5 57.Ra6 Rh4 58.Rxa7 1/2-1/2

[Event "Campeonato de Aragon por Equipos 2009"]
[Site "Aragon"]
[Date "2009.04.19"]
[Round "11.2"]
[White "Baron Rodriguez Jorge"]
[Black "Fontana Sotomayour Luis Javier"]
[Result "0-1"]
[WhiteElo "2346"]
[BlackElo "2340"]

1.c4 e5 2.g3 Nc6 3.Bg2 g6 4.Nc3 Bg7 5.e4 d6 6.Nge2 h5 7.h3 Be6 8.Nd5 Qd7 9.Qa4
Nf6 10.d3 O-O 11.Be3 Ne8 12.f4 Nd4 13.Qxd7 Bxd7 14.Nxd4 exd4 15.Bd2 c6 16.Nb4
f5 17.O-O Nc7 18.Kh2 Ne6 19.exf5 gxf5 20.Bf3 Nc5 21.Bxh5 a5 22.Nc2 Nxd3 23.b3
Nc5 24.Rad1 a4 25.b4 Ne4 26.Be1 c5 27.g4 Be8 28.Bxe8 Raxe8 29.Kg2 Nf6 30.g5
Nh5 31.Bd2 Re4 32.Rb1 Rfe8 33.Ne1 d3 34.bxc5 Re2+ 35.Rf2 Bd4 0-1

[Event "Campeonato de Aragon por Equipos 2009"]
[Site "Aragon"]
[Date "2009.04.18"]
[Round "11.3"]
[White "Antoli Royo Joaquin Miguel"]
[Black "Forcen Esteban Daniel"]
[Result "1/2-1/2"]
[WhiteElo "2416"]
[BlackElo "2169"]

1.e4 c5 2.Nf3 d6 3.d4 Nf6 4.Nc3 cxd4 5.Qxd4 a6 6.e5 Nc6 7.Qa4 dxe5 8.Nxe5 Bd7
9.Nxd7 Qxd7 10.Be3 e6 11.Rd1 Qc8 12.Be2 Be7 13.Bf3 O-O 14.O-O Ne5 15.Be2 b5
16.Qd4 Nc6 17.Qf4 e5 18.Qg3 Qe6 19.Bf3 e4 20.Be2 Rfd8 21.a4 b4 22.Nb1 Nd5 23.
Bc4 Na5 24.Bd4 Bf8 25.Be2 Nc6 26.Bc4 Na5 27.Be2 Nc6 28.Bc4 1/2-1/2

[Event "Campeonato de Aragon por Equipos 2009"]
[Site "Aragon"]
[Date "2009.04.19"]
[Round "11.4"]
[White "Antolin Concha Diego"]
[Black "Cortes Lizano Jesus"]
[Result "1-0"]
[WhiteElo "2122"]
[BlackElo "2254"]

1.d4 Nf6 2.c4 e6 3.Nf3 d5 4.Nc3 c6 5.Bg5 Be7 6.e3 Nbd7 7.Qc2 O-O 8.cxd5 exd5
9.Bd3 Re8 10.h3 Nf8 11.O-O g6 12.Bxf6 Bxf6 13.b4 a6 14.a4 Be6 15.b5 cxb5 16.
axb5 a5 17.b6 Qxb6 18.Rfb1 Qc7 19.Nxd5 Qd8 20.Nxf6+ Qxf6 21.Rxb7 Bd5 22.Rb5
Bxf3 23.gxf3 Qxf3 24.Bf1 Rac8 25.Qe2 Qf6 26.Rbxa5 Ne6 27.Qg4 h5 28.Qg3 h4 29.
Qe5 Kg7 30.Qxf6+ Kxf6 31.Bd3 Rc3 32.R5a3 Rec8 33.Kg2 Ng5 34.Rxc3 Rxc3 35.Be2
Ke7 36.Ra2 Kf6 37.Bf3 Rd3 38.Ba8 Ke7 39.Kh2 Kf6 40.Bg2 Ke7 41.Ra1 Rd2 42.Kg1
Kf6 43.Kf1 Ke7 44.Ke1 Rb2 45.Rd1 Kd6 46.Kf1 Ke7 47.d5 Kd6 48.f4 Nh7 49.e4 f6
50.Re1 Ke7 51.e5 fxe5 52.fxe5 Ng5 53.Ra1 Nf7 54.Ra7+ Ke8 55.e6 Nd6 56.Rg7 Nf5
57.Rxg6 Ke7 58.Rg5 Ne3+ 59.Kg1 Kd6 60.e7 Rb8 61.Rg6+ Kd7 62.Bf3 Re8 63.d6 Nc4
64.Bg4+ 1-0

[Event "Campeonato de Aragon por Equipos 2009"]
[Site "Aragon"]
[Date "2009.04.19"]
[Round "11.5"]
[White "Llorente Zaro Alfonso"]
[Black "Adla Diego"]
[Result "1/2-1/2"]
[WhiteElo "2403"]
[BlackElo "2508"]

1.c4 e6 2.Nf3 d5 3.d4 Nf6 4.e3 c5 5.Nc3 dxc4 6.Bxc4 a6 7.dxc5 Qxd1+ 8.Kxd1
Bxc5 9.Bd3 Nbd7 10.a3 b6 11.Bd2 Bb7 12.Ke2 h6 13.Rac1 Bd6 14.b4 Ke7 15.Rc2
Rhd8 16.Rhc1 g5 17.h3 Rac8 18.Be1 Rc7 19.Nb1 Rxc2+ 20.Rxc2 Rg8 21.Bc3 h5 22.
Nbd2 g4 23.hxg4 hxg4 24.Ne1 Rc8 25.Bxf6+ Nxf6 26.Rxc8 Bxc8 27.Ne4 Be5 28.Nxf6
Kxf6 29.Kd2 a5 30.bxa5 bxa5 31.a4 Bd6 32.Ke2 Bb7 33.Bc2 Bb4 34.g3 Bc3 35.f4
Ke7 36.Nd3 Bf3+ 37.Kf2 Kd6 38.Bb3 Bd5 39.Bc2 f6 40.Ke2 Bc4 41.Kd1 f5 42.Nf2
Ke7 43.e4 Bd4 44.Ke1 Kf6 45.exf5 exf5 46.Nd1 Be6 47.Kd2 Bg1 1/2-1/2